00696cam a22002174a 450000100090000000300040000900500170001300800410003001000170007102000150008804000180010304200080012108200150012911000710014424500860021526000480030130000410034950400560039065000140044665000180046012876895OSt20230606141920.0020731n2002 sz a b 000 0 eng  a 2002436095 a9241545542 aDLCcDLCdDLC apcc a576.5bWHO2 aWorld Health Organization.bAdvisory Committee on Health Research.10aGenomics and world health :breport of the Advisory Committee on Health Research. aGeneva :bWorld Health Organization,c2002. a241 p. :bill. (some col.) ;c23 cm. aIncludes bibliographical references (p. [229]-241). 0aGenomics. 0aWorld health.